MDQL
is popping MORE tags! Check the
thread
!
Quizzes
Events
Quiz Creation
Community
Videos
Private Events
Remove Ads
Sign In
Join for FREE
Feedback
Dark Mode
Quiz Categories
Sports
Geography
Music
Movies
Television
Just For Fun
Miscellaneous
History
Literature
Language
Science
Gaming
Entertainment
Religion
Holiday
For Kids
Quiz Lab
Recent
Popular Today
Quiz Kudos Today
Editor Picks
Curator Picks
Quizzes by...
Day
Popularity
Type
Ratings
Length
Year
Community
Subscriptions
Recent Discussions
Orange Saloon
Badges
Playlists
Quests
Create
Leaderboards
Showdown
Live 5
Trivia Bingo
Activity
Puzzle Library
Sporcle Events
Private Events
Virtual Trivia
Globe League
Become a Host
Pub Owners
SporcleCon
Opinionation
Our Games
Videos
Blog
Mobile Apps
Partnerships
Remove Ads and Go Orange
Feedback
Sports
Athletes
MLB
NBA
NHL
NFL
Soccer
Sports Teams
WWE
NCAA
Football
Premier League
Basketball
Baseball
Hockey
Golf
Tennis
Cricket
Rugby
Auto Racing
Olympics
World Cup
Sports
Athletes
MLB
NBA
NHL
NFL
Soccer
Sports Teams
WWE
NCAA
Football
Premier League
Basketball
Baseball
Hockey
Golf
Tennis
Cricket
Rugby
Auto Racing
Olympics
World Cup
Random Quiz
Search Sporcle
×
Quiz Lab
Quiz Lab
Sports
WWE
Type in answers that appear in a list
Type in answers that appear in a list
Classic
Best Score? Go Orange.
WWE 2K15 Roster Stats
Can you name the WWE 2K15 Roster
By
yaboytimtim
5m
59 Questions
415 Plays
415 Plays
415 Plays
Comments
Comments
Give Quiz Kudos
Give Quiz Kudos
-
- Ratings
hide this ad
Replay
Link that replays current quiz
Next Quiz
Link to next quiz in quiz playlist
You Got
0%
They Got
Avg Score
61%
Avg Friend Score
Upgrade to see
Score Distribution
Jump to the score distribution portion of the page
Score
0/59
Timer
05:00
0
Plays Today
Hint
Answer
% Correct
Superstar
John Cena
83.9%
Diva
Brie Bella
83.6%
Diva
Nikki Bella
82.7%
'Hulkamania' Edition
Hulk Hogan
81.9%
Diva
AJ Lee
79.5%
Superstar
Kane
73.7%
Legend
The Undertaker
73.3%
Legend
Triple H
72.8%
Pre-
Order (Retro)
Sting
72%
Pre-
Order
Sting
72%
Superstar
Randy Orton
71.6%
'Hulkamania' Edition
'Hollywood' Hulk Hogan
71.1%
Superstar
Big Show
70.4%
Diva
Natalya
69.4%
Superstar
Dean Ambrose
68.7%
Superstar
Seth Rollins
67.7%
Superstar
Roman Reigns
67.5%
Legend
The Rock
67.2%
Diva
Naomi
67%
Superstar
Bray Wyatt
65.8%
Superstar
CM Punk
64.8%
Diva
Cameron
63.9%
Superstar
Batista
62.9%
Superstar
Daniel Bryan
62.7%
Superstar
Luke Harper
62.7%
Superstar
Erick Rowan
62.4%
Superstar
Alberto Del Rio
60.7%
Legend
Shawn Michaels
60%
Superstar
Big E
59.8%
Superstar
Cody Rhodes
59%
Hint
Answer
% Correct
Legend
'Stone Cold' Steve Austin
58.8%
Diva
Summer Rae
58.3%
Superstar
Dolph Ziggler
58.3%
Superstar
Jey Uso
58.1%
Superstar
Jimmy Uso
57.8%
Superstar
Brock Lesnar
57.6%
Superstar
Kofi Kingston
57.6%
Superstar
The Miz
57.3%
Superstar
Cesaro
57.1%
Superstar
Goldust
55.4%
Diva
Tamina
55.2%
Superstar
Mark Henry
55.2%
Superstar
Rey Mysterio
54.9%
Superstar
Xavier Woods
54.9%
Superstar
Sheamus
54.2%
Superstar
Chris Jericho
51.8%
Superstar
Jack Swagger
51.1%
Superstar
Bad News Barrett
51.1%
Superstar
Ryback
50.4%
Superstar
Titus O'Neil
50.1%
Superstar
Darren Young
49.2%
Superstar
Tyson Kidd
49.2%
Superstar
Damien Sandow
48%
Superstar
Rob Van Dam
47.5%
Superstar
R-Truth
46.5%
Superstar
Curtis Axel
46%
Superstar
Fandango
45.1%
Superstar
Justin Gabriel
41.4%
Superstar
Santino Marella
40.7%
Quiz Playlist
Details
Report
Send in Message
Add To Playlist
Classic:
Type in answers that appear in a list
Last Updated: Feb 16, 2017
Quiz Scoreboard
CHALLENGE
Sign Up to Join the Scoreboard
Show All
Scores
Hide
Comments
May contain spoilers
Recently Published
Two Season TV Shows II
by 123Four
Television
10m
Image Sorting: Flags VI
by Barbecue
Geography
2m
Find the 'City' Movie
by crazypaving
Movies
60s
More to Explore
Quiz From the Vault
Featured Blog Post
14 Easter Pick-up Lines to Find Eggs With
hide this ad
You Might Also Like...
Tags
Video Games Quiz
WWE Quiz
Video Game Characters
Wrestling
WWF Wrestling
Today's Top Quizzes in Sports
Browse Sports
hide this ad
Today's Top Quizzes in WWE
Browse WWE
Top Contributed Quizzes in Sports
1
Les meilleurs buteurs des matchs entre le PSG et l’OM
2
Les entraîneurs de l'OM et du PSG au 21e siècle
3
2022 World Cup Stars
4
Les joueurs passés par le PSG et l'OM
5
Players with Multiple 50 Home Run Seasons
6
FIFA Club World Cup Champions
7
Criteria MLB: Left Handed Sluggers
8
Les joueurs passés par le LOSC et le RC Lens
9
Top 10 NHL Goal Scorers of All Time
10
MLB Players with Two .350 Batting Average Seasons
Explore More
Trending Topics
Anime
Kpop
Marvel
Disney
NBA
Harry Potter
Crossword
Soccer
Pokémon
NFL
The Office
Song
WWE
Puzzle
Country
hide this ad
More By:
yaboytimtim
Quiz
Plays
Rating
Category
Featured
Created
NBA Conference Champions (1947-Present)
1,984
2.64
Sports
Oct 18, 2014
WWE 2K15 Roster
415
Sports
Oct 4, 2014
MLB Records
277
4.50
Sports
Jun 29, 2014
Longest Reigning WHC(World Heavyweigt Champion)
265
2.67
Sports
Apr 4, 2014
Most Eliminations in the Royal Rumble All Time
230
5.00
Sports
Apr 29, 2014
Go to Creator's Profile
Score Distribution
Quiz Creator Spotlight
yaboytimtim
Follow
Send a Message
Quizzes Created
-
Created Quiz Play Count
-
More By This Creator
Popular Quizzes Today
1
Find the US States - No Outlines Minefield
2
Colored Red Africa Blitz
3
Find the 'City' Movie
4
5x2 Blitz: Bands
5
The Countries of the World
6
Find the Countries of Europe - No Outlines Minefield
7
Find the US States
8
US States
More Sports Quizzes
Drafted MLB Player
Curator's Pick
Trending Quizzes
Colored Red Europe Blitz I
Colored Red Africa Blitz II
Colored Red Europe Blitz II
Colored Red Europe Blitz III
Colored Red Africa Blitz III
Recently Updated
How Do You Spell That?
pecheneg
Godzilla Movies
pecheneg
Grab Bag: 4-10 Letters
pecheneg
2024 March Madness Bracket
pecheneg
Famous TV Couples
Peacemaker
Champions League XIs: Real Madrid
pecheneg
Largest US Cities 1790-2010
pecheneg
Rides in Walt Disney World
pecheneg
Most Oscar Losses (Acting)
pecheneg
Beyoncé Albums
pecheneg
Trending Topics
Crossword
Disney
Marvel
NBA
Anime
Harry Potter
Kpop
WWE
Puzzle
Song
Country
Soccer
Pokémon
NFL
The Office
Your Account Isn't Verified!
In order to create a playlist on Sporcle, you need to verify the email address you used during registration. Go to your
Sporcle Settings
to finish the process.
Report this User
Report this user for behavior that violates our
Community Guidelines
.
Details:
Send Report
Go to the Sporcle.com Mobile Site →
Comments